| 000 | 00000nam 2200000za 4500 |
| 001 | 9.700447 |
| 003 | CaOODSP |
| 005 | 20250506145324 |
| 007 | cr ||||||||||| |
| 008 | 150407s1966||||xxc|||||o f|0| 0 eng d |
| 040 | |aCaOODSP|beng |
| 043 | |an-cn--- |
| 086 | 1 |aA53-991/1966E-PDF |
| 110 | 1 |aCanada.|bAgriculture Canada. |
| 245 | 10|aRussian wild ryegrass for Western Canada |h[electronic resource] / |c[by] T. Lawrence and D.H. Heinrichs. |
| 250 | |aRev. |
| 260 | |aOttawa - Ontario : |bAgriculture Canada |c1966. |
| 300 | |a20p.|billus., references, tables |
| 500 | |aContents: Protecting stored products.--Detecting problems.--Identifying the organisms.--Controlling infestations.--Further information.--Common and scientific names of major pests in stored grain.--References.--Additional reading.--Appendix. |
| 500 | |aHistorical publication digitized by Agriculture and Agri-Food Canada. |
| 590 | |a15-03-Supp|b2015-03-13 |
| 720 | 1 |aLawrence, T. |
| 720 | 1 |aHeinrichs, D. H. |
| 856 | 40|ahttp://publications.gc.ca|qPDF|s1632 KB|uhttps://publications.gc.ca/collections/collection_2015/aac-aafc/A53-991-1966-eng.pdf |